| 000 | 02377nam a22002537a 4500 | ||
|---|---|---|---|
| 008 | 251120b |||||||| |||| 00| 0 eng d | ||
| 020 | _a9781526615169 | ||
| 040 | _cTBS | ||
| 041 | _aeng | ||
| 050 |
_aHQ1061 _bA53 2020 |
||
| 100 |
_aScott, Andrew J. _d1965- _926564 _eauthor |
||
| 245 |
_aThe new long life _b: a framework for flourishing in a changing world _c/ Andrew J. Scott, Lynda Gratton. |
||
| 260 |
_aDublin : _bBloomsbury Publishing, _c2020. |
||
| 300 |
_a243 pages : _billustrations, charts (black and white) ; _c20 cm. |
||
| 520 | _aA practical guide to how we can positively adapt to a changing world, from the internationally bestselling authors of The 100-Year Life. "Wonderful . . . This thought-provoking book is a must-read." Daron Acemoglu, New York Times bestselling co-author of Why Nations Fail Smart new technologies. Longer, healthier lives. Human progress has risen to great heights, but at the same time it has prompted anxiety about where we're heading. Are our jobs under threat? If we live to 100, will we ever really stop working? And how will this change the way we love, manage and learn from others? One thing is clear: advances in technology have not been matched by the necessary innovation to our social structures. In our era of unprecedented change, we haven't yet discovered new ways of living. Drawing from the fields of economics and psychology, Andrew J. Scott and Lynda Gratton offer a simple framework based on three fundamental principles (Narrate, Explore and Relate) to give you the tools to navigate the challenges ahead. Both a personal road-map and a primer for governments, corporations and colleges, The New Long Life is the essential guide to a longer, smarter, happier life. "This thoughtful book explores how we can reimagine our days and our societies to make our lives better – not just longer." Adam Grant, New York Times bestselling author of Originals and Give and Take "Stimulating, insightful and inspirational."' Linda Yueh, author of The Great Economists. | ||
| 650 | 0 |
_aAging _xSocial aspects _926565 |
|
| 650 | 0 |
_aLongevity _xSocial aspects _926566 |
|
| 650 | 0 |
_aRetirement _xPlanning _926567 |
|
| 650 | 0 |
_aOlder people _xEconomic conditions _926568 |
|
| 650 | 0 |
_aOlder people _xSocial conditions _926569 |
|
| 655 | 0 |
_aSelf-help publications _923836 |
|
| 700 |
_aGratton, Lynda _926570 _eauthor |
||
| 942 | _2lcc | ||
| 999 |
_c5195 _d5195 |
||